Conceptos y métodos del servicio social
保存先:
| 第一著者: | |
|---|---|
| フォーマット: | 図書 |
| 言語: | スペイン語 |
| 出版事項: |
Buenos Aires
Kapeluz
1969
|
| シリーズ: | Biblioteca de Psicología Contemporánea
|
| 主題: | |
| タグ: |
タグ追加
タグなし, このレコードへの初めてのタグを付けませんか!
|
MARC
| LEADER | 00000nam a2200000 a 4500 | ||
|---|---|---|---|
| 001 | UCQ2071 | ||
| 003 | CL-VaPUC | ||
| 008 | 980721e19690000AG |||||||||||||||||spa|d | ||
| 082 | 0 | 4 | |a 361 |b FRI |2 21 |
| 100 | 0 | |a Friedlander, Walter A |e author |9 415951 | |
| 245 | 1 | 0 | |a Conceptos y métodos del servicio social |
| 300 | |a 276 p | ||
| 942 | |c BK | ||
| 945 | |d 19980721 00:00:00 |a crobeson | ||
| 260 | |a Buenos Aires |b Kapeluz |c 1969 | ||
| 650 | 0 | |a Servicio social |9 307999 | |
| 650 | 0 | |a Bienestar social |9 255298 | |
| 650 | 0 | |a Rol social |9 395313 | |
| 650 | 0 | |a Familias |9 255641 | |
| 650 | 0 | |a Salud |9 258663 | |
| 650 | 0 | |a Educación |9 258661 | |
| 650 | 0 | |a Trabajo social |9 307856 | |
| 650 | 0 | |a Metodología |9 256610 | |
| 583 | |a last modification |c 19980721 00:00:00 |k Rodrigo Vera | ||
| 490 | 0 | |a Biblioteca de Psicología Contemporánea | |
| 999 | |c 272913 |d 272911 | ||
| 952 | |0 0 |1 0 |4 0 |6 361_000000000000000_FRI_1969 |7 0 |8 A |9 308134 |a BIBGIM |b BIBGIM |d 2019-11-20 |i 143568K |o 361 FRI 1969 |p 143568K |r 2025-01-15 |w 2019-11-20 |y BK |k SSL | ||